| 000 | 00572nam a2200217 a 4500 | ||
|---|---|---|---|
| 001 | BS0000856 | ||
| 003 | BR-BrBNA | ||
| 005 | 20230926142457.0 | ||
| 008 | 230308b |||||||| |||| 00| 0 por d | ||
| 040 |
_aBR-BrBNA _bpor _cBiblioteca Nacional de Agricultura |
||
| 041 | _apor | ||
| 072 | _aS86 | ||
| 090 |
_aS86 _bBS0000856 |
||
| 100 | 1 | _aMaia, Murian Gurgel. | |
| 245 | 1 | _aPega pá capá / | |
| 260 | 3 |
_aBrasília: _bQuality produções gráficas, _c1994. |
|
| 300 | _a224 p. | ||
| 650 | _aLITERATURA BRASILEIRA | ||
| 650 | _aLITERATURA DE CORDEL | ||
| 942 |
_cBK _2AGRIS |
||
| 999 |
_c5918 _d5918 |
||